000
00301nam a22001337a 4500
008
170912b xxu||||| |||| 00| 0 eng d
020
_a
9780321513571
041
_a
eng
080
_a
53
100
_a
43
101
_a
FIZ
245
_a
PHYSICS WITH MODERN PHYSICS
_c
KNIGHT.R.D
942
_2
udc
_c
BK
999
_c
27388
_d
27388